<?xml version="1.0" encoding="UTF-8"?>
<record
    xmlns:xsi="http://www.w3.org/2001/XMLSchema-instance"
    xsi:schemaLocation="http://www.loc.gov/MARC21/slim http://www.loc.gov/standards/marcxml/schema/MARC21slim.xsd"
    xmlns="http://www.loc.gov/MARC21/slim">

  <leader>01330aam a2200241 a 4500</leader>
  <controlfield tag="001">001277928</controlfield>
  <controlfield tag="003">AR-RoUNCS</controlfield>
  <controlfield tag="005">20260513134119.0</controlfield>
  <controlfield tag="007">ta</controlfield>
  <controlfield tag="008">130327s2012    ag     |r     00| f spa d</controlfield>
  <datafield tag="020" ind1=" " ind2=" ">
    <subfield code="a">9789871568475</subfield>
  </datafield>
  <datafield tag="040" ind1=" " ind2=" ">
    <subfield code="a">AR-RoUNCS</subfield>
    <subfield code="b">spa</subfield>
    <subfield code="c">AR-RoUNCS</subfield>
  </datafield>
  <datafield tag="041" ind1=" " ind2=" ">
    <subfield code="a">spa</subfield>
  </datafield>
  <datafield tag="100" ind1="1" ind2=" ">
    <subfield code="a">Risley, Alexandra</subfield>
    <subfield code="e">autor</subfield>
  </datafield>
  <datafield tag="245" ind1="1" ind2="3">
    <subfield code="a">El pianista recostado en el opio : </subfield>
    <subfield code="b">la historia de Europa, de un hombre, de sus adicciones y de la mujer que pod&#xED;a salvarlo / </subfield>
    <subfield code="c">Alexandra Risley.</subfield>
  </datafield>
  <datafield tag="260" ind1=" " ind2=" ">
    <subfield code="a">[Buenos Aires] :</subfield>
    <subfield code="b">Vestales,</subfield>
    <subfield code="c">c2012.</subfield>
  </datafield>
  <datafield tag="300" ind1=" " ind2=" ">
    <subfield code="a">348 p. ; </subfield>
    <subfield code="c">22 cm.</subfield>
  </datafield>
  <datafield tag="520" ind1=" " ind2=" ">
    <subfield code="a">La novela se desarrolla en la Europa del siglo XIX. Harry Zittlemann, un pianista trashumante, conoce a la burgues&#xED;a b&#xFA;lgara, tiene v&#xED;nculos con los conservadores ingleses, habla ruso fluidamente, etc. De repente, es el hombre que Gran Breta&#xF1;a necesita para mediar en los conflictos b&#xE9;licos del Imperio Otomano. Harry carga con el peso de los acontecimientos, con la certeza de que lo obligar&#xE1;n a desmembrar a un imperio corrupto para beneficiar a otro igual. Cuando la traici&#xF3;n estalle, se abandonar&#xE1; al opio; recostado en un fumadero apenas recordar&#xE1; que lo ha perdido todo.</subfield>
  </datafield>
  <datafield tag="650" ind1=" " ind2="7">
    <subfield code="2">embne</subfield>
    <subfield code="a">Novela venezolana</subfield>
  </datafield>
  <datafield tag="655" ind1=" " ind2="7">
    <subfield code="a">Novelas de amor </subfield>
    <subfield code="2">embne</subfield>
  </datafield>
  <datafield tag="655" ind1=" " ind2="7">
    <subfield code="a">Novelas hist&#xF3;ricas</subfield>
    <subfield code="2">embne</subfield>
  </datafield>
  <datafield tag="942" ind1=" " ind2=" ">
    <subfield code="2">udc</subfield>
    <subfield code="c">OG</subfield>
    <subfield code="n">0</subfield>
  </datafield>
  <datafield tag="999" ind1=" " ind2=" ">
    <subfield code="c">1015</subfield>
    <subfield code="d">1015</subfield>
  </datafield>
  <datafield tag="952" ind1=" " ind2=" ">
    <subfield code="0">0</subfield>
    <subfield code="1">0</subfield>
    <subfield code="2">udc</subfield>
    <subfield code="4">0</subfield>
    <subfield code="7">0</subfield>
    <subfield code="8">CG</subfield>
    <subfield code="a">ESOCIALES</subfield>
    <subfield code="b">ESOCIALES</subfield>
    <subfield code="d">2026-05-13</subfield>
    <subfield code="e">Donaci&#xF3;n 2026</subfield>
    <subfield code="l">0</subfield>
    <subfield code="o">82-311.6(87) R595</subfield>
    <subfield code="p">000971</subfield>
    <subfield code="r">2026-05-13 13:36:00</subfield>
    <subfield code="w">2026-05-13</subfield>
    <subfield code="y">OG</subfield>
  </datafield>
</record>
